000 00743cab a2200253 4500
001 ABS41753
008 090401t1989 xxu||||| |||| 00| 0 eng d
035 _a(Sirsi) u32250
041 _aeng
100 _aBloomfield, T.
245 _aIndustrial property: the freehold market in small units
260 _c1989
350 _a0
490 _aEstates Gazette
_v(8944) 4 November 1989, 26-31(2)
520 _aReports on the small industrial units market where the emphasis is now almost exclusively on freehold occupation.
650 _aDEVELOPMENT
650 _aINDUSTRIAL
650 _aLEASES
650 _aPROPERTY
650 _aSMALL WORKSHOPS
690 _aPROPERTY-COMMERCIAL PROPERTY
942 _n0
948 _c04/03/1997
999 _c21645
_d21645